|
|
|
|
| LEADER |
00000nas a2200000 a 4500 |
| 001 |
ssj0000651507 |
| 003 |
WaSeSS |
| 005 |
20200512172242.0 |
| 006 |
m d |
| 007 |
cr n |
| 008 |
061107c20009999ck ar p s 0 0spa c |
| 010 |
|
|
|a 2014250576
|
| 022 |
|
|
|a 2346-2116
|l 1657-1959
|y 1657-1959
|
| 035 |
|
|
|a (WaSeSS)ssj0000651507
|
| 040 |
|
|
|a LGG
|b eng
|e pn
|c LGG
|d OCLCQ
|d OCLCF
|d UCILW
|d BUF
|d CUS
|d OCLCO
|d OCLCQ
|d OCLCA
|d YOR
|d UUM
|d WaSeSS
|
| 042 |
|
|
|a pcc
|
| 043 |
|
|
|a s-ck---
|
| 050 |
|
4 |
|a KHH1570.A15
|b R48
|
| 050 |
|
4 |
|a K19
|
| 245 |
0 |
0 |
|a Revista la propiedad inmaterial
|h [electronic resource] /
|c [Universidad Externado de Colombia].
|
| 246 |
1 |
|
|i On cover of print version:
|a Propiedad inmaterial, revista del Centro de Estudios de la Propiedad Intelectual
|
| 260 |
|
|
|a Bogotá, Colombia :
|b Universidad Externado de Colombia, Centro de Estudios de la Propiedad Intelectual
|
| 310 |
|
|
|a Annual
|
| 362 |
1 |
|
|a Began with no. 1 (2000).
|
| 506 |
|
|
|a License restrictions may limit access.
|
| 515 |
|
|
|a Two numbers published 2001-2003.
|
| 538 |
|
|
|a Mode of access: World Wide Web.
|
| 588 |
|
|
|a Description based on print version record.
|
| 588 |
|
|
|a Latest issue consulted: No. 17 (2013) (journal website, viewed April 7, 2014).
|
| 650 |
|
0 |
|a Intellectual property
|z Colombia
|v Periodicals.
|
| 650 |
|
7 |
|a Intellectual property.
|2 fast
|0 (OCoLC)fst00975774
|
| 651 |
|
7 |
|a Colombia.
|2 fast
|0 (OCoLC)fst01205916
|
| 655 |
|
0 |
|a Electronic journals.
|
| 710 |
2 |
|
|a Universidad Externado de Colombia.
|b Centro de Estudios de la Propiedad Intelectual.
|
| 776 |
0 |
8 |
|i Print version:
|t Revista la propiedad inmaterial
|x 1657-1959
|w (DLC) 2006202313
|w (OCoLC)75273642
|
| 856 |
4 |
0 |
|z Full text available from Research Library: 01/01/2011 to present
|u https://search.proquest.com/publication/2027531
|